[Event "Floripa Chess Open 2024"]
[Site "Florianopolis"]
[Date "2024.01.21"]
[Round "2.169"]
[White "Alves, Lucas Fernando"]
[Black "De Oliveira, Gualter Amelio"]
[Result "1/2-1/2"]
[WhiteElo "1216"]
[BlackElo "1585"]
[PlyCount "44"]
[EventDate "2024.01.20"]
[EventRounds "10"]
[EventCountry "BRA"]

1. e4 d5 2. exd5 Nf6 3. d4 Nxd5 4. c4 Nf6 5. Nf3 e6 6. Nc3 c6 ({RR} 6... c5 7.
Be2 a6 8. O-O cxd4 9. Nxd4 Bd7 10. Bf3 Nc6 11. Nxc6 Bxc6 12. Bxc6+ bxc6 13. Qf3
Qc7 14. b3 Bd6 15. g3 O-O 16. Bb2 Be5 17. Rfe1 Nd7 18. Kg2 Rad8 19. Rad1 c5 20.
Na4 Bd4 21. Bxd4 {Savchenko,B (2638)-Korobkov,P (2482) Moscow 2010 1/2-1/2 (32)
}) 7. Bf4 $146 ({RR} 7. Bd3 Nbd7 8. O-O Bd6 9. Re1 O-O 10. Bg5 Re8 11. Qc2 Nf8
12. Rad1 Ng6 13. Bxf6 gxf6 14. Ne4 Be7 15. Ng3 Kh8 16. Qd2 Rg8 17. Bb1 Qf8 18.
a3 Bd7 19. Qa5 b6 20. Qc3 Rd8 21. Qe3 Bc8 {Marco,G-Blackburne,J Nuremberg 1896
1-0 (86)}) ({RR} 7. Bd3 Be7 8. O-O h6 9. h3 Nbd7 10. Bf4 O-O 11. Re1 Nh7 12. a3
Ng5 13. b4 Nxf3+ 14. Qxf3 Bg5 15. Bd6 Be7 16. Ne4 f5 17. Bxe7 Qxe7 18. Nc3 Qf7
19. Rad1 Qf6 20. Qf4 g5 21. Qd6 Nb6 {Kolodziejczyk,S (2129)-Roussel,P
Europe-Echecs INT 2021 1-0 (32)}) ({RR} 7. Bd3 Na6 8. a3 Nc7 9. O-O Be7 10. Qc2
O-O 11. Bg5 h6 12. Bh4 Nh5 13. Bxe7 Qxe7 14. Rfe1 Nf4 15. Bf1 Ng6 16. Rad1 Rd8
17. Ne4 Ne8 18. Ne5 Nf8 19. c5 f5 20. Ng3 g6 21. b4 Bd7 {Ferreira Azevedo,J-Da
Silva Nascimento,D (2160) Cidade do Salvador 2009 0-1 (51)}) 7... Na6 8. Be2
Bb4 9. Qc2 h6 10. O-O g5 11. Be5 Rg8 12. Rad1 Bxc3 13. bxc3 Nc7 14. Bxf6 Qxf6
15. Ne5 a5 16. Bh5 Rg7 17. Rfe1 a4 18. Re3 Ra5 19. Rf3 Qe7 20. Nxf7 Kd7 21.
Ne5+ Kd8 22. Nf7+ Kd7 1/2-1/2

[Event "Floripa Chess Open 2024"]
[Site "Florianopolis"]
[Date "2024.01.21"]
[Round "2.171"]
[White "Ferreira, Carlos Eduardo"]
[Black "Santos, Nathaly Camily Ferr"]
[Result "1-0"]
[WhiteElo "1568"]
[BlackElo "1167"]
[PlyCount "57"]
[EventDate "2024.01.20"]
[EventRounds "10"]
[EventCountry "BRA"]

1. e4 c5 2. Nf3 Nc6 3. d4 cxd4 4. Nxd4 Nf6 5. Nc3 e6 6. Bg5 Be7 7. Be2 ({RR} 7.
h4 O-O 8. Qd2 d5 9. Nxc6 bxc6 10. e5 Nd7 11. f4 Rb8 12. b3 f6 13. Rh3 fxe5 14.
fxe5 Nxe5 15. Rg3 Bf6 16. O-O-O Qe7 17. h5 Bxg5 18. Rxg5 Nf7 19. Rg3 Qh4 20.
Qf2 Ng5 21. Qe3 h6 {Gatine,A (2070)-Amura,C (2359) Clermont Ferrand 2002 0-1})
7... a6 8. O-O ({RR} 8. f4 d6 9. Nb3 Bd7 10. O-O b5 11. a3 Qc7 12. Kh1 h6 13.
Bh4 Rd8 14. Qe1 b4 15. axb4 Nxb4 16. Qg3 Rg8 17. e5 dxe5 18. fxe5 Nfd5 19. Bxe7
Kxe7 20. Nxd5+ Nxd5 21. Bd3 f5 22. Rxa6 Qb8 {Wagner Michel,A (2054)-Ungure,L  
(1929) Struga MKD 2023 1-0 (54)}) 8... d5 $146 ({RR} 8... O-O 9. Re1 h6 10. Bh4
Nxe4 11. Bxe7 Nxc3 12. bxc3 Qxe7 13. Bf3 Rd8 14. c4 Qc5 15. Nxc6 bxc6 16. Qe2
Bb7 17. Rab1 Qa7 18. Rb3 d5 19. Reb1 Rab8 20. cxd5 cxd5 21. c4 Bc6 22. cxd5
Rxb3 23. Rxb3 {Tran Nguyen Phuong,A-Phan T Quynh,T Ho Chi Minh City 2001 0-1  
(34)}) ({RR} 8... Nxe4 9. Bxe7 Nxc3 10. Bxd8 Nxd1 11. Nxc6 bxc6 12. Bb6 Nxb2
13. Rab1 Na4 14. Bd4 Rg8 15. Rb3 c5 16. Be3 d6 17. Bf3 d5 18. Rfb1 g5 19. g3 g4
20. Bg2 Ke7 21. c4 Rd8 22. Ra3 Bd7 23. cxd5 {Widhalm,F (1787)-Peschek,M (1549)
Deutschlandsberg 2006 1/2-1/2}) 9. exd5 exd5 10. Re1 O-O 11. Bf3 Bc5 12. Nb3
Be7 13. Bxf6 Bxf6 14. Bxd5 Nb4 15. Be4 Qc7 16. Qf3 a5 17. a3 Na6 18. Qh5 h6 19.
Nd5 Qd6 20. Nxf6+ Qxf6 21. c3 Re8 22. Qxa5 Rb8 23. Bh7+ Kf8 24. Rxe8+ Kxe8 25.
Re1+ Be6 26. Bf5 Rd8 27. Bxe6 fxe6 28. Nd4 Rd5 29. Qxd5 1-0

[Event "Floripa Chess Open 2024"]
[Site "Florianopolis"]
[Date "2024.01.21"]
[Round "2.172"]
[White "Poli, Maria Luiza De Oliv"]
[Black "Santos, Marcos Correia"]
[Result "0-1"]
[WhiteElo "1171"]
[BlackElo "1564"]
[PlyCount "99"]
[EventDate "2024.01.20"]
[EventRounds "10"]
[EventCountry "BRA"]

1. e4 c5 2. Nf3 a6 3. d4 cxd4 4. Nxd4 Nf6 5. Nc3 e5 6. Nb3 Bb4 7. f3 d6 ({RR} 
7... d5 8. exd5 Nxd5 9. Bd2 Nxc3 10. Bxc3 Bxc3+ 11. bxc3 Qc7 12. Qd2 O-O 13.
O-O-O a5 14. a4 Bd7 15. Bb5 Bxb5 16. axb5 a4 17. Na1 Qc4 18. Qd3 Qa2 {0-1 (18)
Alves Campelo,D (2044)-Howell,D (2646) chess.com INT 2022}) ({RR} 7... Bxc3+ 8.
bxc3 d5 9. exd5 Qxd5 10. Qxd5 Nxd5 11. c4 Nb4 12. Kd2 O-O 13. a3 Rd8+ 14. Kc3
N4c6 15. Bd3 Nd7 16. Be3 Nf8 17. Rad1 Be6 18. Bb6 Rdc8 19. Nc5 Ne7 20. Nxe6
Nxe6 21. Be4 Nc6 22. Rd7 {Dias,J (1796)-Fajdetic,H (2151) chess.com INT 2023
1-0 (38)}) 8. Be3 $146 ({RR} 8. Bd2 Nc6 9. a3 Bxc3 10. Bxc3 Be6 11. Qd2 Qc7 12.
Bd3 Rd8 13. Qf2 b5 14. O-O Bc4 15. Nd2 d5 16. Bxc4 dxc4 17. Rfc1 O-O 18. Nf1
Nd4 19. Rd1 Qc5 20. Ng3 Rfe8 21. Kf1 Ne6 22. Qxc5 Rxd1+ {Stosic,D (1620)
-Tomasic,D (2031) Osijek 2012 0-1 (39)}) ({RR} 8. Bg5 Bxc3+ 9. bxc3 Qc7 10. Qd2
Nbd7 11. c4 O-O 12. O-O-O Ne8 13. Be7 Nb6 14. Bxf8 Kxf8 15. Qb4 Be6 16. Na5 Rc8
17. Rd2 Nxc4 18. Nxc4 Bxc4 19. Bxc4 Qxc4 20. Qxc4 Rxc4 21. Rhd1 Ke7 22. Rd3 Rc6
{Pages Jane,J (1712)-Bonet Verdu,M Lleida 2011 1-0 (53)}) 8... Qc7 9. Qd2 Bxc3
10. Qxc3 Qxc3+ 11. bxc3 O-O 12. Be2 Be6 13. O-O Nbd7 14. Rad1 d5 15. exd5 Nxd5
16. Bd2 Rac8 17. Rfe1 Nxc3 18. Bxc3 Rxc3 19. Bd3 g6 20. Re2 f6 21. Red2 Nc5 22.
Kf2 Nxd3+ 23. Rxd3 Rxc2+ 24. R1d2 Rxd2+ 25. Rxd2 Bxb3 26. axb3 Rf7 27. Rc2 Rd7
28. Ke3 Kf7 29. g3 Ke6 30. Rf2 a5 31. Ra2 b6 32. Ke2 Rd4 33. Ke3 Rb4 34. Ra3
Kd5 35. Kd3 f5 36. Ke3 f4+ 37. gxf4 exf4+ 38. Ke2 Kd4 39. Kd2 g5 40. Kc2 Ke3
41. Ra1 Kxf3 42. Rd1 Re4 43. Rd2 Re2 44. Rxe2 Kxe2 45. h3 f3 46. Kc3 f2 47. Kc4
f1=Q 48. Kb5 Qb1 49. Kxb6 Qxb3+ 50. Kxa5 0-1

[Event "Floripa Chess Open 2024"]
[Site "Florianopolis"]
[Date "2024.01.21"]
[Round "2.173"]
[White "Mauro, Roberto Da Silva"]
[Black "Kortmann, Pedro Reck"]
[Result "1-0"]
[WhiteElo "1562"]
[BlackElo "1159"]
[PlyCount "61"]
[EventDate "2024.01.20"]
[EventRounds "10"]
[EventCountry "BRA"]

1. d4 d5 2. c4 e6 3. Nc3 Bb4 4. Bd2 Nc6 5. e3 Nf6 6. Nf3 O-O 7. Bd3 Re8 ({RR} 
7... dxc4 8. Bxc4 a6 9. O-O Bd6 10. e4 e5 11. d5 Ne7 12. Re1 Ng6 13. Bf1 h6 14.
Rc1 b5 15. a3 Bd7 16. Na2 a5 17. Nc3 Qb8 18. a4 b4 19. Nb5 Rc8 20. b3 Bf8 21.
Rc4 c6 22. dxc6 {Khanukov,B (2361)-Auer,M (2242) Leverkusen 2009 0-1 (46)}) 8.
O-O Na5 ({RR} 8... b6 9. Qc2 Be7 10. e4 Nb4 11. e5 Nxc2 12. Bxc2 Nh5 13. Rfe1
dxc4 14. b3 Bb7 15. Bd1 Bxf3 16. Bxf3 Rc8 17. Bxh5 Qxd4 18. Rad1 Bc5 19. Re2
cxb3 20. Be1 bxa2 21. Rxd4 a1=Q 22. Ra4 Qc1 23. h4 {Kinaki,G-Ferreira De Souza,
R (1329) Florianopolis BRA 2024 0-1 (37)}) 9. Nxd5 $146 ({RR} 9. cxd5 exd5 10.
a3 Bxc3 11. Bxc3 Nc6 12. h3 Be6 13. Qc2 Ne7 14. Ng5 Ng6 15. Nxe6 Rxe6 16. Bf5
Re8 17. Rac1 c6 18. b4 Ne7 19. Bd3 Ng6 20. b5 Rc8 21. bxc6 Rxc6 22. Bb5 Rxc3
23. Qxc3 Rf8 {Chghale Perez,R (1802)-Bol,B (1455) Armenia 2013 1-0 (47)}) 9...
exd5 10. Bxb4 Nc6 11. Bc3 Be6 12. cxd5 Qxd5 13. Qc2 Bg4 14. Ne5 Nxe5 15. dxe5
Nd7 16. Bxh7+ Kf8 17. f3 Be6 18. Bb4+ c5 19. Rad1 Qxe5 20. Rxd7 Qxe3+ 21. Kh1
cxb4 22. Rd3 Qb6 23. Be4 Qb5 24. Rdd1 Rac8 25. Qf2 Qc5 26. Qh4 b6 27. Qh8+ Ke7
28. Qxg7 Bxa2 29. Bg6 Rcd8 30. Rfe1+ Be6 31. Qxf7# 1-0

[Event "Floripa Chess Open 2024"]
[Site "Florianopolis"]
[Date "2024.01.21"]
[Round "2.174"]
[White "Bandeira, Ricardo"]
[Black "Gomes, Genildo De Souza"]
[Result "1-0"]
[WhiteElo "1161"]
[BlackElo "1560"]
[PlyCount "65"]
[EventDate "2024.01.20"]
[EventRounds "10"]
[EventCountry "BRA"]

1. c4 c5 2. g3 g6 3. Nc3 Bg7 4. Bg2 Nc6 5. e3 Nf6 6. Nge2 d6 7. O-O Be6 ({RR} 
7... h5 8. h3 Bf5 9. d4 cxd4 10. Nxd4 Bd7 11. b3 Qc8 12. Kh2 Ne5 13. Bb2 Rb8
14. Rc1 a6 15. Nd5 Qd8 16. Qe2 Rc8 17. Rfd1 g5 18. f4 Ng6 19. Nxf6+ Bxf6 20.
fxg5 Be5 21. Nf3 Bxb2 22. Qxb2 {Kokarev,D (2635)-Vitiugov,N (2736) Sochi 2015
1-0 (37)}) 8. b3 O-O ({RR} 8... Qc8 9. d4 cxd4 10. exd4 Bh3 11. Re1 Bxg2 12.
Kxg2 h5 13. h4 O-O 14. Bg5 Nh7 15. Be3 b6 16. Qd2 Qb7 17. f3 Rfe8 18. Rad1 a6
19. Qd3 Nb4 20. Qb1 Nc6 21. Qd3 Nf6 22. Bf2 Rad8 23. Rd2 {Borrego Mata,M (1905)
-Lin,Y (2339) Malaga ESP 2021 0-1 (40)}) 9. Bb2 $146 ({RR} 9. Rb1 Qd7 10. Re1
Nb4 11. d3 Bh3 12. Bh1 a6 13. a3 Nc6 14. Bb2 Rab8 15. Nf4 Rfc8 16. Nxh3 Qxh3
17. f3 Qd7 18. Nd5 b5 19. Nxf6+ exf6 20. cxb5 Rxb5 21. a4 Rb6 22. Bc3 Rcb8 23.
f4 Re8 {Oprean,G-Boyle,J Detroit 1994 1-0 (60)}) 9... Qc8 10. d4 Bh3 11. Nf4
Bxg2 12. Kxg2 cxd4 13. exd4 e5 14. dxe5 dxe5 15. Nfd5 Qd7 16. Nxf6+ Bxf6 17.
Qxd7 Rfd8 18. Qxb7 Nd4 19. Nd5 Bg7 20. Bxd4 exd4 21. Rad1 a5 22. Qb6 Rdb8 23.
Qd6 Rd8 24. Qf4 Ra6 25. Rfe1 a4 26. Re7 f6 27. Qxd4 Kf8 28. Rde1 axb3 29. axb3
Rad6 30. Qa7 Bh8 31. Re8+ Rxe8 32. Rxe8+ Kxe8 33. Qe7# 1-0

[Event "Floripa Chess Open 2024"]
[Site "Florianopolis"]
[Date "2024.01.21"]
[Round "2.175"]
[White "Kerr, Lennon"]
[Black "Baratieri, Maria Vitoria"]
[Result "0-1"]
[WhiteElo "1557"]
[BlackElo "1152"]
[PlyCount "78"]
[EventDate "2024.01.20"]
[EventRounds "10"]
[EventCountry "BRA"]

1. e4 e5 2. Nf3 d6 3. d4 Nf6 4. dxe5 Nxe4 5. Bc4 Nc5 6. O-O Be6 7. Bxe6 ({RR} 
7. Qe2 d5 8. Rd1 c6 9. Nc3 Be7 10. Be3 O-O 11. Bxc5 Bxc5 12. Bd3 h6 13. h3 Nd7
14. Na4 Be7 15. c4 Qa5 16. Qc2 dxc4 17. Bxc4 Nxe5 18. Nxe5 Qxe5 19. Re1 Qf6 20.
Bxe6 fxe6 21. Nc3 Rae8 {Galego,L (2518)-Montero Martinez,C (2241) Dos Hermanas
2003 1-0 (50)}) 7... Nxe6 8. Qe2 Nc6 $146 ({RR} 8... Be7 9. Qb5+ Nd7 10. exd6
Bxd6 11. Qxb7 O-O 12. Qe4 Nf6 13. Qh4 Rb8 14. a3 Rb5 15. Nc3 Rh5 16. Qc4 Qa8
17. Nb5 Rc5 18. Qe2 Nf4 19. Bxf4 Bxf4 20. Nbd4 Re8 21. Qd3 Rd8 22. Rad1 h6 23.
b4 {Zachariassen,B (1816)-Ristesund,O (1626) Sandefjord 2002 1-0 (53)}) 9. exd6
Bxd6 10. Ng5 Ncd4 11. Qe4 b6 12. Nxe6 Nxe6 13. f4 O-O 14. f5 Nc5 15. Qg4 Qf6
16. Nc3 c6 17. Qf3 Rfe8 18. Kh1 Qh4 19. g3 Qf6 20. Be3 Rad8 21. Rad1 Qe7 22.
Bd4 Nd7 23. f6 Nxf6 24. Bxf6 Qxf6 25. Qxf6 gxf6 26. Rxf6 Be5 27. Rxd8 Rxd8 28.
Rf3 Bxc3 29. Rxc3 Rd1+ 30. Kg2 Rd2+ 31. Kh3 Kg7 32. Rc4 f5 33. a4 Kg6 34. b4 a6
35. g4 fxg4+ 36. Rxg4+ Kh6 37. c4 Rb2 38. c5 Ra2 39. a5 Rb2 0-1

[Event "Floripa Chess Open 2024"]
[Site "Florianopolis"]
[Date "2024.01.21"]
[Round "2.176"]
[White "Seara, Sophia Parisotto"]
[Black "Bashtavenko, Aleksey"]
[Result "0-1"]
[WhiteElo "1154"]
[BlackElo "1553"]
[PlyCount "68"]
[EventDate "2024.01.20"]
[EventRounds "10"]
[EventCountry "BRA"]

1. d4 Nf6 2. c4 e6 3. Nc3 Bb4 4. Qc2 O-O 5. Bg5 h6 6. Bh4 d5 7. e3 c5 ({RR} 
7... Nbd7 8. cxd5 exd5 9. Bd3 c5 10. a3 Bxc3+ 11. Qxc3 c4 12. Bc2 Re8 13. Nf3
b5 14. O-O Qb6 15. Rab1 a5 16. Qd2 b4 17. axb4 axb4 18. Ra1 Ba6 19. Rfc1 c3 20.
bxc3 b3 21. Rcb1 Bc4 22. Rxa8 {Gomes,M (1627)-Lazzarotto,M (1864) Lira Tênis
Clube - Florianó 2022 0-1 (35)}) 8. dxc5 d4 $146 ({RR} 8... dxc4 9. Rd1 Nbd7
10. Bxc4 Qa5 11. Nge2 Qxc5 12. Bd3 Qh5 13. Bg3 e5 14. O-O Nc5 15. a3 Nxd3 16.
Qxd3 Be7 17. Qb5 e4 18. Qxh5 Nxh5 19. Nxe4 Nxg3 20. N2xg3 Be6 21. Ne2 Bc4 22.
Rfe1 Rad8 23. Rxd8 {Rovenski,E (2316)-Shapiro,Y (2025) Berlin 2001 1-0 (58)}) (
{RR} 8... g5 9. Bg3 Ne4 10. Bd3 Nxc5 11. Bh7+ Kh8 12. h4 f5 13. hxg5 Qxg5 14.
Bf4 Qxg2 15. Rxh6 Qxg1+ 16. Ke2 Qg4+ 17. Kd2 Kg7 18. Be5+ Kf7 19. Bg6+ Qxg6 20.
Rxg6 Ne4+ 21. Ke2 Kxg6 22. Nxe4 fxe4 23. Rg1+ {Martinez Reyes,P (2427)-Papp,L 
(2394) chess.com INT 2020 1-0}) ({RR} 8... Nc6 9. cxd5 exd5 10. O-O-O Bxc3 11.
Qxc3 Ne4 12. Bxd8 Nxc3 13. bxc3 Rxd8 14. Nf3 Bg4 15. Rd2 Rac8 16. Be2 Na5 17.
Kb2 Be6 18. Rd4 Rxc5 19. Bd3 Rdc8 20. Ra4 a6 21. Nd4 Bd7 22. Ra3 Nc4+ 23. Bxc4
{Ivanov,I (2351)-Tishin,P (2407) Tula 2007 0-1 (42)}) 9. Rd1 e5 10. Nf3 Nc6 11.
Bd3 Qe7 12. a3 Bxc3+ 13. bxc3 dxe3 14. O-O e4 15. Bxf6 exd3 16. Bxe7 dxc2 17.
Bxf8 exf2+ 18. Kxf2 cxd1=Q 19. Rxd1 Kxf8 20. Nd4 Bg4 21. Rd3 Ne5 22. Rg3 Bh5
23. Nf5 Bg6 24. Nd6 Nd3+ 25. Ke2 Nxc5 26. Re3 b6 27. Re5 a6 28. Ke3 Rd8 29. Rd5
Ke7 30. Nf5+ Bxf5 31. Rxf5 Ke6 32. Kf4 g6 33. Re5+ Kf6 34. h4 Nd3+ 0-1

[Event "Floripa Chess Open 2024"]
[Site "Florianopolis"]
[Date "2024.01.21"]
[Round "2.177"]
[White "Cunha, Paola De Oliveira"]
[Black "Deretti, Lucas Jurk"]
[Result "0-1"]
[WhiteElo "1151"]
[BlackElo "1548"]
[PlyCount "76"]
[EventDate "2024.01.20"]
[EventRounds "10"]
[EventCountry "BRA"]

1. d4 Nf6 2. Bf4 g6 3. Nf3 Bg7 4. e3 O-O 5. Be2 d6 6. h3 Nbd7 7. O-O b6 8. c4
Bb7 9. Nc3 Ne4 10. Qc2 ({RR} 10. Rc1 Nxc3 11. Rxc3 e5 12. Bh2 Qe7 13. d5 a5 14.
b3 f5 15. a3 g5 16. Rc2 Kh8 17. b4 Rg8 18. Nd2 Bf6 19. e4 f4 20. Bg4 Nf8 21. c5
Bc8 22. cxd6 Qxd6 23. Rc6 Qd8 24. Qc2 Bxg4 {Wan,J (2212)-Kim,S (2295) chess.
com INT 2024 1-0 (45)}) 10... f5 ({RR} 10... Nxc3 11. Qxc3 e5 12. Bg5 f6 13.
Bh4 g5 14. Bg3 f5 15. Qd2 f4 16. exf4 gxf4 17. Bh4 Qe8 18. d5 Qg6 19. Rfe1 e4
20. Ng5 Ne5 21. Kh1 Bh6 {0-1 (21) Massoni,M (2338)-Bacrot,E (2721) Calvi 2014})
11. d5 $146 ({RR} 11. Rfd1 a6 12. c5 Nxc3 13. Qxc3 Nxc5 14. Rac1 Rc8 15. Qa3
Ne4 16. Bxa6 Bxa6 17. Qxa6 Qd7 18. Qc4+ Kh8 19. Qc6 Rfd8 20. b3 Qe6 21. Qb7 Qd7
22. Rc6 Nf6 23. Ng5 Kg8 24. d5 Ne8 25. Ne6 Rb8 {Papenbrock,V (2025)-Hellwege,W
(1864) Erfurt 2008 1-0 (35)}) 11... e5 12. dxe6 Ndc5 13. Nd4 Re8 14. Nxe4 Bxe4
15. Qd2 Nxe6 16. Bf3 Nxf4 17. exf4 Qf6 18. Bxe4 Rxe4 19. Nf3 Rae8 20. Ng5 R4e7
21. Rfe1 h6 22. Rxe7 Qxe7 23. Qd5+ Kh8 24. Nf3 Bxb2 25. Rb1 Bg7 26. Re1 Qd7 27.
Re3 a5 28. Qb5 Re7 29. Qxd7 Rxd7 30. Re8+ Kh7 31. g4 Rf7 32. Nh4 fxg4 33. hxg4
Rxf4 34. f3 Bf6 35. Rf8 Kg7 36. Ng2 Bd4+ 37. Kh2 Rxf8 38. f4 Re8 0-1

[Event "Floripa Chess Open 2024"]
[Site "Florianopolis"]
[Date "2024.01.21"]
[Round "2.178"]
[White "Barbosa, Kassio Rodrigo"]
[Black "Orsini, Cesar Oliveira"]
[Result "1/2-1/2"]
[WhiteElo "1548"]
[BlackElo "1151"]
[PlyCount "52"]
[EventDate "2024.01.20"]
[EventRounds "10"]
[EventCountry "BRA"]

1. e4 c5 2. Nf3 d6 3. d4 cxd4 4. Nxd4 Nf6 5. Nc3 a6 6. Bg5 e6 7. f4 Nbd7 8. Bc4
Nb6 ({RR} 8... Qa5 9. Qe2 h6 10. Bxf6 Nxf6 11. O-O-O Be7 12. e5 dxe5 13. fxe5
Nh7 14. Bxe6 Bxe6 15. Nxe6 fxe6 16. Qh5+ Kf8 17. Rhf1+ Nf6 18. Qe2 Re8 19. exf6
Bxf6 20. Ne4 Qxa2 21. c3 Ke7 22. Nc5 Rd8 23. Qe4 {Savchenko,B (2569)-Zubov,O  
(2568) Voronezh 2008 1-0}) ({RR} 8... Be7 9. Qd2 b5 10. Bxe6 fxe6 11. Nxe6 Qb6
12. Nxg7+ Kf7 13. Nf5 Bb7 14. Ng3 Nc5 15. Bxf6 Bxf6 16. O-O-O Rhe8 17. Nd5 Bxd5
18. Qxd5+ Kf8 19. Rhe1 Qc7 20. Nf5 Bxb2+ 21. Kb1 Na4 22. Qxd6+ Qxd6 23. Rxd6 {
Pchelin,V-Kurapov,M Tambov 2015 0-1 (47)}) 9. Bb3 Be7 10. Qd2 $146 ({RR} 10.
Qf3 Qc7 11. O-O-O O-O 12. g4 Nc4 13. Bxc4 Qxc4 14. h4 Re8 15. h5 Bd7 16. h6 g6
17. e5 Nd5 18. Bxe7 Nxc3 19. bxc3 Rxe7 20. exd6 Ree8 21. g5 Qxa2 22. Qe3 Qa1+
23. Kd2 Qa5 24. Qe5 Qxe5 {Keres,P-Katajisto,O Amsterdam 1954 1-0 (34)}) ({RR} 
10. Qf3 Qc7 11. O-O-O Bd7 12. f5 e5 13. Nde2 Bc6 14. Be3 Nfd7 15. g4 Nc5 16.
Bd5 Nba4 17. g5 Rc8 18. f6 Bxd5 19. Rxd5 gxf6 20. gxf6 Bf8 21. Bxc5 Nxc5 22.
Rg1 b5 23. Rdd1 Qc6 24. Nd5 a5 {Perisic,R (2318)-Kostic,B (2289) Sombor 2008
1-0 (51)}) 10... Qc7 11. O-O-O O-O 12. Nf3 Rd8 13. Qe1 e5 14. Qg3 Nh5 15. Qh4
Nf6 16. fxe5 dxe5 17. Rxd8+ Bxd8 18. Rd1 h6 19. Be3 Bg4 20. Qg3 Bxf3 21. gxf3
Kf8 22. Qf2 Nc4 23. Bc5+ Be7 24. Bxe7+ Kxe7 25. Bxc4 Qxc4 26. Qb6 Qc6 1/2-1/2

[Event "Floripa Chess Open 2024"]
[Site "Florianopolis"]
[Date "2024.01.21"]
[Round "2.180"]
[White "Dos Santos, Welligton Carlos"]
[Black "Motta, Agahta Dos Santos"]
[Result "1-0"]
[WhiteElo "1541"]
[BlackElo "1124"]
[PlyCount "63"]
[EventDate "2024.01.20"]
[EventRounds "10"]
[EventCountry "BRA"]

1. c4 Nf6 2. Nc3 g6 3. g3 Bg7 4. Bg2 O-O 5. d3 d6 6. e4 Nbd7 7. Nge2 e5 8. O-O
a5 9. f4 Nc5 ({RR} 9... exf4 10. gxf4 Re8 11. Kh1 Nc5 12. Be3 Bg4 13. Qd2 h5
14. Rae1 Bxe2 15. Rxe2 Ng4 16. Bg1 Ne6 17. d4 Qh4 18. h3 Rad8 19. f5 Ng5 20.
Qd3 Nh7 21. Nd5 c6 22. fxg6 fxg6 23. Nf4 Nf8 24. e5 {Kostenko,P (2371)-Broca
Jimenez,F (2075) chess.com INT 2023 1-0 (31)}) 10. h3 c6 11. Be3 Nfd7 12. Rc1
$146 ({RR} 12. f5 Rb8 13. g4 b5 14. cxb5 cxb5 15. Qd2 b4 16. Nd5 Ba6 17. Bxc5
dxc5 18. Rf2 Nf6 19. fxg6 hxg6 20. Nxf6+ Bxf6 21. Raf1 Bg5 22. Qc2 Be3 23. Kh1
Bxd3 24. Qd1 Bxf2 25. Rxf2 Bxe4 26. Qc1 Bxg2+ {Hellstern,T (1760)-Syrov,A  
(1955) Zweibruecken 2013 0-1 (32)}) ({RR} 12. f5 Rb8 13. a3 Na6 14. g4 Bf6 15.
Qd2 Bh4 16. Bh6 Re8 17. Kh2 Nac5 18. Ng1 Nb3 19. Qd1 Nxa1 20. Qxa1 Bg5 21. Bxg5
Qxg5 22. Nf3 Qf4+ 23. Kh1 Nc5 24. Qd1 gxf5 25. gxf5 Kh8 26. b4 axb4 {Bernat,D 
(1862)-Ristic,N (2335) chess.com INT 2022 1-0 (35)}) 12... Rb8 13. a3 b5 14.
cxb5 cxb5 15. b4 Ne6 16. Nd5 Nd4 17. Nxd4 exd4 18. Bd2 Bb7 19. Qb3 a4 20. Qa2
Nb6 21. Nxb6 Qxb6 22. f5 Rfc8 23. fxg6 Rxc1 24. gxf7+ Kh8 25. Bxc1 Rf8 26. Qe6
Bc8 27. Qd5 Bb7 28. Qh5 Bc8 29. Bh6 Bxh6 30. Qxh6 Qd8 31. e5 dxe5 32. Be4 1-0

[Event "Floripa Chess Open 2024"]
[Site "Florianopolis"]
[Date "2024.01.21"]
[Round "2.181"]
[White "Telles, Arnoldo Beber"]
[Black "Carmo, Jose Arlindo"]
[Result "1-0"]
[WhiteElo "1116"]
[BlackElo "1541"]
[PlyCount "89"]
[EventDate "2024.01.20"]
[EventRounds "10"]
[EventCountry "BRA"]

1. Nf3 {ChessBase} d5 2. c4 d4 3. b4 f6 4. Bb2 e5 5. a3 c5 6. bxc5 ({RR} 6. d3
cxb4 7. g3 Nc6 8. Bg2 Bc5 9. O-O Nge7 10. Nbd2 O-O 11. Qa4 Bd7 12. Ne4 bxa3 13.
Bxa3 Bxa3 14. Qxa3 b6 15. Rfb1 Be6 16. Nfd2 Qd7 17. c5 Rab8 18. Qa6 Nd5 19.
cxb6 axb6 20. Qb5 Rfc8 {Anwesh,U (2340)-Besou,H (2304) Bregenz AUT 2023 1-0  
(61)}) 6... Bxc5 ({RR} 6... Nc6 7. d3 Bxc5 8. g3 f5 9. Nbd2 Nf6 10. Nb3 Bd6 11.
Bg2 a5 12. c5 Be7 13. Qc2 Be6 14. O-O O-O 15. Nxe5 Nxe5 16. Nxd4 Bc8 17. Nxf5
Bxf5 18. Bxe5 Nd7 19. Bd4 Rb8 20. Rab1 Qc7 21. Rfc1 {Ehlvest,J (2535)
-Savchenko,B (2567) Berlin 2015 1-0 (49)}) 7. d3 Ne7 $146 ({RR} 7... Nc6 8.
Nbd2 f5 9. g3 Nf6 10. Bg2 O-O 11. O-O Qe8 12. Nb3 Bd6 13. e3 dxe3 14. fxe3 Ng4
15. Qd2 Qh5 16. e4 ({RR} 16. h3 Nh6 17. e4 f4 18. g4 Nxg4 19. hxg4 Bxg4 20. Qc3
Rf6 21. c5 Rg6 22. Kf2 Bxf3 23. Bxf3 Bxc5+ 24. Qxc5 ({RR} 24. Nxc5 Qh4+ 25. Ke2
Nd4+ 26. Kd2 Nxf3+ 27. Rxf3 Qh2+ 28. Ke1 Rg1+ 29. Rf1 Rxf1+ 30. Kxf1 f3) 24...
Qh2+ 25. Ke1 Qxb2) 16... f4 17. gxf4 Rxf4 18. Bc1 Nd4 19. Nbxd4 exd4 20. Qe2 ({
RR} 20. c5 Rxf3 21. Rxf3 Qxh2+ 22. Kf1 Ne3+ 23. Rxe3 dxe3 24. Qa2+ Kh8 25. Bxe3
Be6) 20... Rxf3 ({RR} 20... Rf7 21. h3 Nh2 22. Nxd4 Rxf1+ 23. Bxf1 Qe5 24. Be3
Qg3+ 25. Bg2 Bxh3) 21. Rxf3 ({RR} 21. Bxf3 Bxh2+ 22. Kh1 Bg3+ 23. Kg1 Qh4)
21... Qxh2+ 22. Kf1 {Kleefstra,H-Euwe,M Amsterdam 1933 EXT 2017 [ChessBase] 0-1
}) ({RR} 7... Bd7 8. g3 Qb6 9. Qc2 Nc6 10. Bg2 a5 11. a4 Nb4 12. Qd2 Ne7 13.
O-O Bf5 14. Na3 Qe6 15. Nb5 Qd7 16. Rfd1 Rc8 17. Qc1 Bh3 18. Nd2 Bxg2 19. Kxg2
g5 20. Ne4 Qe6 21. e3 dxe3 22. fxe3 {Marous,R-Umanec,F Svetla nad Sazavou 1998
0-1 (55)}) 8. g3 O-O 9. Bg2 Nbc6 10. Nbd2 f5 11. O-O Ng6 12. Nb3 Bd6 13. Nfd2
Be6 14. Bc1 Qe7 15. Nf3 h6 16. Qd2 Qf6 17. e3 dxe3 18. fxe3 Rad8 19. Bb2 Qf7
20. Na5 Qc7 21. Nxc6 bxc6 22. Qc2 f4 23. c5 Be7 24. d4 Bf5 25. e4 Be6 26. dxe5
fxg3 27. hxg3 Qa5 28. Rac1 Bg4 29. Qb3+ Kh7 30. Qc3 Qxc3 31. Rxc3 Bxf3 32.
Rfxf3 Nxe5 33. Rxf8 Bxf8 34. Rc2 Nd3 35. Rd2 Bxc5+ 36. Kh2 Bb6 37. e5 c5 38.
Be4+ Kh8 39. Rxd3 Rf8 40. e6 Rf2+ 41. Kh3 Kg8 42. Rd7 Rxb2 43. e7 Kf7 44. Bg6+
Kxg6 45. e8=Q+ 1-0